Statistiken für Wer spielte in diesem Film mit - Deutschland Edition

Klicken Sie hier um das Quiz zu spielen!

Allgemein

  • Dieses Quiz wurde 79 mal gespielt
  • Das Durchschnittsergebnis liegt bei 5 aus 15

Antwortstatistiken

FilmeSchauspieler% Korrekt
Der bewegte Mann, Kokowääh, Honig im KopfTil Schweiger
86%
Der Schuh des Manitu, Asterix bei den Olympischen Spielen, Wickie und die starken MännerMichael Herbig
69%
Keinohrhasen, Vaterfreuden, OppenheimerMatthias Schweighöfer
68%
Good Bye, Lenin!, Inglourious Basterds, The First Avenger: Civil WarDaniel Brühl
43%
Mädchen Mädchen, Fack ju Göhte, WunderschönKaroline Herfurth
38%
Vincent will Meer, Männerherzen, Der VornameFlorian David Fitz
36%
Hui Buh – Das Schlossgespenst, Er ist wieder da, Es ist nur eine Phase, HaseChristoph Maria Herbst
34%
Lola rennt, Der Baader Meinhof Komplex, LommbockMoritz Bleibtreu
34%
Winnetou 2. Teil, Nosferatu – Phantom der Nacht, FitzcarraldoKlaus Kinski
31%
Fack ju Göhte, Das perfekte Geheimnis, Chantal im MärchenlandJella Haase
30%
Winnetou und das Halbblut Apanatschi, Zur Sache, Schätzchen, Fack ju Göhte 3Uschi Glas
26%
Der Tunnel, Der Untergang, Hot DogHeino Ferch
11%
Türkisch für Anfänger, Rubinrot, Verpiss dich SchneewittchenJosefine Preuß
11%
Die Blechtrommel, Der Räuber Hotzenplotz, Hanni & Nanni – Mehr als beste FreundeKatharina Thalbach
5%
Der Pianist, King Kong, Avengers: Age of UltronThomas Kretschmann
5%

Verteilung der Resultate

Perzentil nach korrekt beantworteten Fragen

Anzahl Personen mit jedem Resultat

Ihre Resultats-Entwicklung

Sie haben dieses Quiz noch nicht gespielt